000 00830cam a2200217 4500
001 WB3731-05
008 010808n2001 000 0 eng u
035 _a(Sirsi) u114033
245 _aGlobal slowdown halts European rental growth
260 _c2001
490 _aEstates Gazette
_v(0131) 4 August 2001, 28(1)
520 _a2Q 2001 saw office rental growth across Europe halted. Research indicates that Paris, Frankfurt and Madrid all registered zero growth while London's West End fell 3.8%. Table of rental growth across major European cities.
590 _aWB
650 _aPROPERTY-COMMERCIAL PROPERTY-OFFICE PROPERTY-OFFICE PROPERTY MARKET
650 _aEUROPE
650 _aPARIS
650 _aFRANKFURT
650 _aMADRID
690 _aPROPERTY-COMMERCIAL PROPERTY-COMMERCIAL PROPERTY MARKET
942 _n0
999 _c67967
_d67967